000 01912nam a22005297a 4500
003 OSt
005 20230413090033.0
008 221006b |||||||| |||| 00| 0 eng d
040 _cBiblioteca Lado V
082 _a700
_bK41a
100 _9797
_aKerraoul, Jean Pierre de
_eeditor
_edirector
245 _aArtpress/
260 _bCourt Gallerie
_c2004
_aParis
300 _c21x28cm
_a98p.
366 _eeng
490 _a297
_v04
_v2004
_x0004 3273
505 _texporama
505 _tle marche de l'art
505 _tPascal Rambert
505 _tDaniel Libeskind chef d'orchestre
505 _tMarc Devade la peinture contre la bureaucratie
505 _tYan Devade la peinture contre la bureaucratie
505 _tFilliou faber, Filliou ludens, Filliou sapiens
505 _tYukio Nakagawa la fleur de l'ame
505 _tPhilip-Lorca Dicorcia faire le trottoir
505 _tcinema: le dernier des adolescents
505 _tart press livres? que peuvent les images
505 _tGeorges Didi-Huberman images malgre tout
505 _tla pensee du retour
505 _tvoix hors du temps
505 _tGeorges Roque qu'est-ce que l'art abstrait?
505 _tle feuilleton
505 _tles expositions
505 _tnew york
505 _tla photographie
505 _tles arts electroniques
650 _2Tesauro de Arte & Arquitectura
_aARTE
_9703
650 _2Tesauro de Arte & Arquitectura
_aEXPOSICIONES
650 _2Tesauro de Arte & Arquitectura
_aBIENAL
650 _2Tesauro de Arte & Arquitectura
_aAPRECIACION
650 _2Tesauro de Arte & Arquitectura
_aTEORIA
650 _2Tesauro de Arte & Arquitectura
_aCRITICA
650 _2Tesauro de Arte & Arquitectura
_aFOTOGRAFIA
_9702
650 _2Tesauro de Arte & Arquitectura
_aLITERATURA
650 _2Tesauro de Arte & Arquitectura
_aPARIS
942 _2ddc
_c1
_h700
_iK41a
_n0
999 _c3351
_d3351